000 00479cam a2200181ua 4500
020 _c3.25
041 _aeng
_h
082 _a425
_bMIL/MO
100 _aMiller, Margaret J .
245 _aModern english composition and precis writing /
_cMargaret J Miller.
_hTextual Documents
250 _a1 /
_b.
260 _aMumbai :
_bD B Taraporevala sons & Co. Pvt. Ltd. ,
_c1966.
300 _a118 ; .
365 _a3.25
504 _a
942 _cBK
999 _c8508
_d8508